| 000 | 01064nam a2200313 i 4500 | ||
|---|---|---|---|
| 001 | bgj | ||
| 100 | 1 |
_aTWAIN, Mark _d(1835-1910) |
|
| 245 | 1 | 0 |
_aThe Innocents Abroad ; Roughing It / _cMark Twain ; [edited by] Guy Cardwell. |
| 260 |
_aNew York : _bLiterary Classics of the United States, _cc. 1984. |
||
| 300 |
_a1027 pp : _bill. ; _c21 cm. |
||
| 490 | 1 |
_aThe Library of America ; _v21 |
|
| 500 | _aReal name of the author : Samuel Langhorne Clemens. | ||
| 600 | 1 | 9 |
_aTwain, Mark, 1835-1910 _xTravel _zEurope |
| 600 | 1 | 9 |
_aTwain, Mark, 1835-1910 _xTravel _zMiddle East |
| 600 | 1 | 9 |
_aTwain, Mark, 1835-1910 _xTravel _zWest (U.S.) |
| 651 | 9 | _aEurope | |
| 651 | 9 | _aMiddle East | |
| 651 | 9 | _aWest (U.S.) | |
| 655 | _aDescription and travel | ||
| 700 | 1 |
_aCARDWELL, Guy. _eeditor |
|
| 700 | 1 |
_aCLEMENS, Samuel Langhorne _d(1835-1910). |
|
| 830 | _aThe Library of America ; | ||
| 020 | _a0940450259 (hbk, jacket) | ||
| 040 | _cBPK | ||
| 041 | 0 | _aeng | |
| 920 | _a0-940450-25-9 (hbk, jacket) | ||
| 942 | _cKS | ||
| 008 | s uk f |000 0 eng | ||
| 999 |
_c47237 _d47237 |
||
| 856 |
_uhttp://koha.tu.koszalin.pl/cgi-bin/koha/opac-detail.pl?biblionumber=47237 _yKatalog online BPK |
||